000 00301nam a22001217a 4500
020 _a9780340834756
040 _cnust
082 _a649.143
_bPAR
100 _aParker, Jan
_9122903
245 _aRaising Happy Brothers & Sister
650 _aRaising Happy Brothers & Sister
_9122904
942 _2ddc
_cBK
999 _c609288
_d609288